000 00456nam a2200157 4500
001 135813
003 ES-MaACL
005 20230906194949.0
007 t|
008 070214s1971 sp r ||||1| spa d
100 1 _aRuiz Ayúcar, Miguel.
_9100665
245 1 3 _aEl cristianismo es amor /
_cMiguel Ruiz Ayúcar, S. J.
260 _aMadrid [etc.] :
_bApostolado de la Prensa,
_c1971.
300 _a326 p. ;
_c16 cm.
852 _aES-MaACL
_jC-40837
_bR.77822
999 _c135813
_d135813